000 00733nam a2200181 4500
001 140175
003 ES-MaACL
007 t|
008 070214s1954 sp r ||||1| spa d
100 1 _aSchultz, J. H.
_9104775
245 1 3 _aEl entrenamiento autógeno
_b: (autorrelajación concentrativa) : exposición clínico-práctica /
_cJ. H. Schultz.
250 _a1ª ed. española traducida de la 8ª edición, corregida y aumentada alemana
_bpor los Doctores Enrique Low-Maus y Domingo Saumench Gimeno.
260 _aBarcelona :
_bCientífico Médica,
_c1954.
300 _aXVI, 354 p. :
_bil. ;
_c25 cm.
700 1 _aLow-Maus, Enrique.
_974370
700 1 _aSaumench Gimeno, Domingo.
_9103980
852 _aES-MaACL
_jC-7109
_bR.36021
999 _c140175
_d140175